Educational psychology (Record no. 22307)

000 -LEADER
fixed length control field 00404cas a2200157 a 4500
020 ## - INTERNATIONAL STANDARD BOOK NUMBER
ISBN 0697412849
022 0# - INTERNATIONAL STANDARD SERIAL NUMBER
ISSN 0731-1141
040 ## - CATALOGING SOURCE
Transcribing agency DLC
082 04 - DEWEY DECIMAL CLASSIFICATION NUMBER
Classification number 370 EDU 1998 C260 Or.
245 10 - TITLE STATEMENT
Title Educational psychology
246 14 - VARYING FORM OF TITLE
Title proper/short title Annual editions, educational psychology
300 ## - PHYSICAL DESCRIPTION
Number of Pages volumes :
Other physical details illustrations ;
Dimensions 28 cm
490 1# - SERIES STATEMENT
Series statement Annual editions
650 #0 - SUBJECT ADDED ENTRY--TOPICAL TERM
Topical Term Educational psychology
942 ## - ADDED ENTRY ELEMENTS (KOHA)
Koha item type ADB
952 ## - LOCATION AND ITEM INFORMATION (KOHA)
Withdrawn status [LOCAL, KOHA] 0
Holdings
Permanent Location Date acquired Koha item type Lost status Shelving location Barcode Current Location Full call number
Library Block C2023-12-04ADB C260A16126Library Block C370 EDU 1998 C260 Or.
មជ្ឈមណ្ឌលឯការនៃសាកលវិទ្យាល័យភូមិន្ទកសិកម្មចំការដូង

Powered by Koha